[Event "European Youth Chess Championship B18"]
[Site "Prague, Top Hotel Prague"]
[Date "2016.08.21"]
[Round "4.41"]
[White "Thorhallsson, Simon"]
[Black "Fossan, Andreas"]
[Result "0-1"]
[WhiteElo "2169"]
[BlackElo "2023"]
[PlyCount "110"]
[EventDate "2016.08.18"]

1. d4 Nf6 2. c4 e6 3. g3 Bb4+ 4. Bd2 Qe7 5. Bg2 Nc6 6. Nf3 Bxd2+ 7. Nbxd2 a5 8.
O-O d6 9. e4 e5 10. d5 Nb8 11. Ne1 O-O 12. Nd3 Bg4 13. Qe1 Na6 14. f4 Bc8 15.
fxe5 dxe5 16. Nf3 Nb4 17. Qc3 Nxd3 18. Qxd3 Nd7 19. Ne1 Nc5 20. Qa3 Re8 21. Rc1
Ra6 22. Rc2 Qd6 23. Rcf2 f6 24. Nd3 Nxd3 25. Qxd3 Bd7 26. h4 Rb8 27. Qe3 c5 28.
Kh2 b5 29. cxb5 Rxb5 30. Rc1 Rab6 31. b3 a4 32. bxa4 Ra5 33. Bh3 Bxh3 34. Kxh3
Rb4 35. Rfc2 Rbxa4 36. Rxc5 Rxc5 37. Qxc5 Qxc5 38. Rxc5 Rxe4 39. Rc8+ Kf7 40.
Rc7+ Kf8 41. Ra7 Rd4 42. h5 Rxd5 43. a4 e4 44. g4 e3 45. Kg2 f5 46. h6 gxh6 47.
Rxh7 f4 48. Rxh6 Rd2+ 49. Kf1 Kg7 50. Re6 Rf2+ 51. Kg1 Kf7 52. Re4 Kf6 53. a5
Kg5 54. a6 Ra2 55. Re6 Kxg4 0-1

[Event "European Youth Chess Championship B18"]
[Site "Prague, Top Hotel Prague"]
[Date "2016.08.21"]
[Round "4.42"]
[White "Sramek, Ondrej"]
[Black "Nastase, Robert-Paul"]
[Result "0-1"]
[WhiteElo "1945"]
[BlackElo "2163"]
[PlyCount "46"]
[EventDate "2016.08.18"]

1. e4 c5 2. Nf3 e6 3. d4 cxd4 4. Nxd4 Nf6 5. Nc3 d6 6. Be2 Be7 7. O-O a6 8. f4
Nbd7 9. Kh1 Qc7 10. Qe1 O-O 11. Qg3 Re8 12. Be3 Bf8 13. Bf3 Kh8 14. a4 e5 15.
Nb3 b6 16. f5 Bb7 17. Rad1 Qc4 18. Qh4 d5 19. g4 d4 20. Nxd4 exd4 21. Bxd4 Bc5
22. Bxf6 Nxf6 23. g5 Nxe4 0-1

[Event "European Youth Chess Championship B18"]
[Site "Prague, Top Hotel Prague"]
[Date "2016.08.21"]
[Round "4.43"]
[White "Thorgeirsson, Jon Kristinn"]
[Black "Scott, Luke"]
[Result "1-0"]
[WhiteElo "2151"]
[BlackElo "2001"]
[PlyCount "49"]
[EventDate "2016.08.18"]

1. d4 e6 2. e4 d5 3. Nc3 Nf6 4. Bg5 Be7 5. Bxf6 Bxf6 6. e5 Be7 7. Qg4 g6 8. Nf3
c5 9. dxc5 Nc6 10. O-O-O Bxc5 11. Qf4 a6 12. Ng5 Qe7 13. h4 h6 14. Nf3 b5 15.
Be2 Bxf2 16. Rhf1 Qa7 17. Qf6 Be3+ 18. Kb1 Rh7 19. Nxd5 Bd7 20. Nxe3 Qxe3 21.
h5 Qxe2 22. hxg6 fxg6 23. Ng5 Qxd1+ 24. Rxd1 hxg5 25. Rf1 1-0

[Event "European Youth Chess Championship B18"]
[Site "Prague, Top Hotel Prague"]
[Date "2016.08.21"]
[Round "4.44"]
[White "Salim, Riza"]
[Black "Caglar, Ahmet Ata"]
[Result "0-1"]
[WhiteElo "2146"]
[BlackElo "1968"]
[PlyCount "72"]
[EventDate "2016.08.18"]

1. e4 c5 2. Nf3 Nc6 3. d4 cxd4 4. Nxd4 e5 5. Nb5 d6 6. N1c3 a6 7. Na3 b5 8. Nd5
Nge7 9. Bg5 h6 10. Bxb5 axb5 11. Nxb5 Ra7 12. Bxe7 Bxe7 13. Nxa7 Qa5+ 14. Qd2
Qxa7 15. O-O Bg5 16. Qd3 O-O 17. b4 Nd4 18. a4 f5 19. c3 fxe4 20. Qc4 Qf7 21.
cxd4 Be6 22. Qc7 Bxd5 23. Qxf7+ Rxf7 24. dxe5 dxe5 25. Ra3 Bc4 26. Rd1 Be2 27.
Re1 Bd3 28. Ra2 Ra7 29. g3 Be7 30. b5 Bc5 31. a5 Bd4 32. Ra3 Bxb5 33. Rxe4 Rc7
34. Re1 Rc2 35. Kg2 Bxf2 36. Rxe5 Bc5+ 0-1

[Event "European Youth Chess Championship B18"]
[Site "Prague, Top Hotel Prague"]
[Date "2016.08.21"]
[Round "4.45"]
[White "Holtman, Teodor"]
[Black "Lopez, Popov Ivan"]
[Result "1-0"]
[WhiteElo "2124"]
[BlackElo "1948"]
[PlyCount "53"]
[EventDate "2016.08.18"]

1. e4 c5 2. Nf3 Nc6 3. Nc3 g6 4. d4 cxd4 5. Nxd4 Bg7 6. Be3 Nf6 7. f3 O-O 8.
Qd2 d5 9. exd5 Nxd5 10. Nxc6 bxc6 11. Nxd5 cxd5 12. Bd4 e5 13. Bc5 Bf5 14. Bxf8
Qxf8 15. g4 Be6 16. Be2 e4 17. c3 Qc5 18. Kf1 d4 19. cxd4 Bxd4 20. Kg2 Rb8 21.
Rab1 Bxa2 22. b4 exf3+ 23. Bxf3 Qc4 24. Rbc1 Qxb4 25. Qxa2 Qe7 26. Rb1 Rc8 27.
Rb7 1-0

[Event "European Youth Chess Championship B18"]
[Site "Prague, Top Hotel Prague"]
[Date "2016.08.21"]
[Round "4.46"]
[White "Garanin, Aleksei"]
[Black "Ozcan, Kadir Kutay"]
[Result "1-0"]
[WhiteElo "2118"]
[BlackElo "1808"]
[PlyCount "93"]
[EventDate "2016.08.18"]

1. d4 Nf6 2. c4 e6 3. Nf3 b6 4. g3 Ba6 5. Qa4 Bb7 6. Bg2 Be7 7. O-O O-O 8. Nc3
Ne4 9. Qc2 Nxc3 10. Qxc3 f5 11. Rd1 Bf6 12. Bf4 d6 13. Qe3 Re8 14. Rac1 Qe7 15.
c5 Bd5 16. cxd6 cxd6 17. Qa3 Rd8 18. Nd2 Bxg2 19. Kxg2 g5 20. Be3 Qb7+ 21. Kg1
d5 22. Nf3 h6 23. h4 f4 24. gxf4 gxh4 25. Kh2 Qh7 26. Rg1+ Kh8 27. Ne5 Bxe5 28.
dxe5 Nd7 29. Qd3 Rg8 30. Rxg8+ Qxg8 31. Rg1 Qh7 32. Qg6 Qxg6 33. Rxg6 Nf8 34.
Rxh6+ Kg7 35. Rxh4 Rc8 36. Bd4 Rc2 37. f5 Rxe2 38. Rg4+ Kf7 39. Rf4 Nd7 40. Kg2
Nxe5 41. Kf1 Re1+ 42. Kxe1 Nd3+ 43. Kd2 Nxf4 44. Be5 Nh3 45. f4 Nf2 46. Ke3
Nd1+ 47. Ke2 1-0

[Event "European Youth Chess Championship B18"]
[Site "Prague, Top Hotel Prague"]
[Date "2016.08.21"]
[Round "4.47"]
[White "Levitan, Tal"]
[Black "Rajic, Ivan"]
[Result "1-0"]
[WhiteElo "2099"]
[BlackElo "1922"]
[PlyCount "55"]
[EventDate "2016.08.18"]

1. e4 c5 2. c3 d5 3. exd5 Qxd5 4. d4 Nc6 5. Nf3 Bg4 6. Be2 e6 7. h3 Bh5 8. O-O
Nf6 9. Be3 cxd4 10. cxd4 Be7 11. Nc3 Qd6 12. Qb3 O-O 13. Rfd1 Rfd8 14. a3 a6
15. Rac1 b5 16. d5 exd5 17. g4 Bg6 18. g5 Na5 19. Qa2 Ne4 20. Nxd5 Qe6 21. Bb6
Bc5 22. Nf6+ gxf6 23. Rxd8+ Rxd8 24. Qxe6 fxe6 25. Bxd8 Bxf2+ 26. Kg2 Nb3 27.
Rc8 fxg5 28. Bb6+ 1-0

[Event "European Youth Chess Championship B18"]
[Site "Prague, Top Hotel Prague"]
[Date "2016.08.21"]
[Round "4.48"]
[White "Beeck, Mats"]
[Black "Vangsgaard, Bjarke"]
[Result "1-0"]
[WhiteElo "2196"]
[BlackElo "2034"]
[PlyCount "41"]
[EventDate "2016.08.18"]

1. e4 c6 2. d4 d5 3. exd5 cxd5 4. c4 Nf6 5. Nc3 Nc6 6. Bg5 h6 7. Bxf6 exf6 8.
cxd5 Nb4 9. a3 Nxd5 10. Bb5+ Bd7 11. Qe2+ Ne7 12. Bc4 Qb6 13. Rc1 Qxd4 14. Nf3
Qb6 15. Nd5 Qd6 16. Nc7+ Kd8 17. Nxa8 Nc6 18. O-O Kc8 19. Rfd1 Qf4 20. Bxf7 Bd6
21. g3 1-0

[Event "European Youth Chess Championship B18"]
[Site "Prague, Top Hotel Prague"]
[Date "2016.08.21"]
[Round "4.49"]
[White "Radulescu, Vlad-Alexandru"]
[Black "Schwab, Lukas"]
[Result "1/2-1/2"]
[WhiteElo "2029"]
[BlackElo "2175"]
[PlyCount "87"]
[EventDate "2016.08.18"]

1. e4 e5 2. Bc4 Nf6 3. d4 exd4 4. Nf3 Nc6 5. e5 d5 6. Bb5 Ne4 7. Nxd4 Bc5 8.
Be3 O-O 9. Bxc6 bxc6 10. O-O Ba6 11. Re1 Qb8 12. b3 Qb6 13. c3 h6 14. b4 Bxd4
15. Bxd4 Qb7 16. h4 Qc8 17. Kh2 Qf5 18. Qf3 Qg6 19. Qf4 Qh5 20. f3 g5 21. Qg4
Qxg4 22. fxg4 Bc8 23. hxg5 hxg5 24. Rxe4 dxe4 25. Nd2 Bxg4 26. Nxe4 Be6 27.
Nxg5 Kg7 28. a3 Kg6 29. Ne4 Bd5 30. Nf6 Kf5 31. g4+ Ke6 32. Kg3 Rh8 33. Rf1 a5
34. Nxd5 cxd5 35. Rf6+ Ke7 36. Bc5+ Ke8 37. Kf4 Rh1 38. Kg5 Rh3 39. Rc6 Rxc3
40. Rxc7 axb4 41. axb4 Rd8 42. b5 Rd7 43. Rc8+ Rd8 44. Rc7 1/2-1/2

[Event "European Youth Chess Championship B18"]
[Site "Prague, Top Hotel Prague"]
[Date "2016.08.21"]
[Round "4.50"]
[White "Lukic, Lazar"]
[Black "Bischofberger, Dario"]
[Result "1/2-1/2"]
[WhiteElo "1939"]
[BlackElo "2102"]
[PlyCount "75"]
[EventDate "2016.08.18"]

1. e4 e6 2. d3 d5 3. Nd2 c5 4. Ngf3 Nf6 5. g3 Nc6 6. Bg2 Be7 7. O-O b6 8. e5
Nd7 9. Re1 Bb7 10. Nf1 Qc7 11. Bf4 h6 12. h4 O-O-O 13. c3 Rdg8 14. Qc1 Kb8 15.
d4 c4 16. b3 Na5 17. bxc4 Nxc4 18. N3d2 g5 19. hxg5 hxg5 20. Be3 Rg7 21. a4 Na5
22. Qc2 Ka8 23. Nb3 Nc4 24. Ra2 Rc8 25. Rc1 Rg6 26. Bd2 Rh6 27. Be1 Rch8 28.
Rca1 Qc8 29. a5 b5 30. a6 Bc6 31. Na5 Nxa5 32. Rxa5 R8h7 33. Rb1 g4 34. Bd2 Rh5
35. f4 gxf3 36. Bxf3 Rh3 37. Bg2 R3h5 38. Bf3 1/2-1/2

[Event "European Youth Chess Championship B18"]
[Site "Prague, Top Hotel Prague"]
[Date "2016.08.21"]
[Round "4.51"]
[White "Kuna, Martin"]
[Black "Pozun, Matej"]
[Result "0-1"]
[WhiteElo "1832"]
[BlackElo "2078"]
[PlyCount "46"]
[EventDate "2016.08.18"]

1. e4 c5 2. Nf3 Nc6 3. d4 cxd4 4. Nxd4 Nf6 5. Nc3 e5 6. Nf5 d6 7. Ne3 Be7 8.
Bc4 O-O 9. O-O Kh8 10. Ned5 Nxd5 11. Nxd5 f5 12. exf5 Bxf5 13. Be3 Rc8 14. Bb3
Bg5 15. Qd2 Bxe3 16. Nxe3 Qg5 17. Qxd6 Be4 18. Bd5 Rfd8 19. Qe6 Nd4 20. Qf7
Rxd5 21. Qxb7 Rcd8 22. Kh1 Nxc2 23. f3 Nxe3 0-1

[Event "European Youth Chess Championship B18"]
[Site "Prague, Top Hotel Prague"]
[Date "2016.08.21"]
[Round "4.52"]
[White "Kostka, Vit"]
[Black "Ferreira, Hugo Miguel Da Costa"]
[Result "1-0"]
[WhiteElo "2188"]
[BlackElo "1975"]
[PlyCount "40"]
[EventDate "2016.08.18"]

1. e4 d5 2. exd5 Qxd5 3. Nc3 Qd6 4. Bc4 Nf6 5. d3 c6 6. h3 Bf5 7. g4 Bg6 8. f4
e6 9. Qe2 Be7 10. Nf3 Nfd7 11. Bd2 b5 12. Bb3 a5 13. a3 Na6 14. Ne4 Qc7 15. d4
c5 16. Nc3 b4 17. Nb5 Qb7 18. f5 a4 19. Bxa4 c4 20. fxg6 Nab8 1-0

[Event "European Youth Chess Championship B18"]
[Site "Prague, Top Hotel Prague"]
[Date "2016.08.21"]
[Round "4.53"]
[White "Steindl, Johannes"]
[Black "Tirziman, Rudolf"]
[Result "1/2-1/2"]
[WhiteElo "2141"]
[BlackElo "1884"]
[PlyCount "165"]
[EventDate "2016.08.18"]

1. e4 e6 2. d4 d5 3. Nc3 Nf6 4. e5 Nfd7 5. f4 c5 6. Nf3 Nc6 7. Be3 a6 8. Qd2 b5
9. dxc5 Bxc5 10. Bd3 Qb6 11. Bf2 Bxf2+ 12. Qxf2 Nc5 13. O-O b4 14. Ne2 a5 15.
f5 exf5 16. Nf4 Ne7 17. Kh1 Be6 18. a4 O-O 19. Ng5 Qc7 20. Rae1 h6 21. Ngxe6
fxe6 22. g4 Nxd3 23. cxd3 Ra6 24. Qg2 d4 25. Rc1 Qd7 26. g5 Kh7 27. Rc5 Rc8 28.
gxh6 g6 29. Rb5 Qc6 30. Qxc6 Raxc6 31. Rxa5 g5 32. Ra7 R8c7 33. Rxc7 Rxc7 34.
Nxe6 Rc2 35. Nxd4 Rxb2 36. Nxf5 Nxf5 37. Rxf5 Ra2 38. e6 b3 39. e7 b2 40. Rf7+
Kxh6 41. Rf6+ Kg7 42. e8=N+ Kh7 43. Rb6 Ra1+ 44. Kg2 b1=Q 45. Rxb1 Rxb1 46. Nd6
Ra1 47. Ne4 Kg6 48. Kg3 Ra3 49. Nf2 Rxa4 50. Ne4 Rd4 51. Nf2 Kf5 52. Kf3 Rf4+
53. Kg3 Rd4 54. Kf3 g4+ 55. Kg3 Rf4 56. h3 Rf3+ 57. Kg2 Kf4 58. hxg4 Rg3+ 59.
Kf1 Kf3 60. d4 Rg2 61. Nd3 Rd2 62. Ne1+ Kxg4 63. d5 Kg3 64. d6 Rf2+ 65. Kg1 Rf6
66. d7 Rd6 67. Kf1 Rxd7 68. Ke2 Ra7 69. Nd3 Ra2+ 70. Ke3 Ra6 71. Kd4 Kf3 72.
Ne5+ Kf4 73. Nd3+ Kf5 74. Nc5 Ra8 75. Kd5 Rd8+ 76. Kc4 Rh8 77. Kd4 Rh1 78. Kd5
Rc1 79. Kd4 Rc2 80. Nd3 Ra2 81. Nc5 Rd2+ 82. Nd3 Rxd3+ 83. Kxd3 1/2-1/2

[Event "European Youth Chess Championship B18"]
[Site "Prague, Top Hotel Prague"]
[Date "2016.08.21"]
[Round "4.54"]
[White "Maes, Tibo"]
[Black "Sucharda, David"]
[Result "1-0"]
[WhiteElo "1950"]
[BlackElo "2051"]
[PlyCount "47"]
[EventDate "2016.08.18"]

1. e4 e6 2. d4 d5 3. Nc3 Nf6 4. e5 Nfd7 5. f4 c5 6. Nf3 Be7 7. Be3 O-O 8. Qd2
b6 9. O-O-O a5 10. f5 cxd4 11. Bxd4 Nc6 12. f6 gxf6 13. Qh6 f5 14. Nxd5 Nxd4
15. Nxe7+ Qxe7 16. Rxd4 Bb7 17. Ng5 f6 18. Nxe6 Rfc8 19. Ng7 Be4 20. Bc4+ Kh8
21. Nh5 Nxe5 22. Rhd1 b5 23. Rd7 Rxc4 24. Rd8+ 1-0

[Event "European Youth Chess Championship B18"]
[Site "Prague, Top Hotel Prague"]
[Date "2016.08.21"]
[Round "4.55"]
[White "Berthaut, Alexandre"]
[Black "Hons, Tomas"]
[Result "0-1"]
[WhiteElo "1720"]
[BlackElo "2033"]
[PlyCount "148"]
[EventDate "2016.08.18"]

1. e4 c5 2. Nf3 e6 3. g3 Nc6 4. Bg2 d6 5. O-O Nf6 6. Nc3 Be7 7. d4 cxd4 8. Nxd4
O-O 9. Be3 Qc7 10. h3 Bd7 11. f4 a6 12. a4 Na5 13. Qd3 Rfc8 14. f5 e5 15. Nde2
Nc4 16. Bc1 b5 17. axb5 axb5 18. Rxa8 Rxa8 19. g4 b4 20. Nd5 Nxd5 21. Qxd5 Rc8
22. c3 bxc3 23. Nxc3 Qb6+ 24. Kh2 Nxb2 25. Qa2 Nd3 26. Nd5 Qd8 27. Be3 Bc6 28.
Rd1 Bxd5 29. Qxd5 Nf4 30. Bxf4 exf4 31. f6 Bxf6 32. Qxd6 Qxd6 33. Rxd6 f3 34.
Rxf6 gxf6 35. Bxf3 h6 36. Kg3 Rc3 37. Kf4 Kg7 38. h4 Rc5 39. Bd1 Kf8 40. h5 Ke7
41. Bb3 Rc1 42. Bd5 Rf1+ 43. Kg3 Kd6 44. Bxf7 Ke5 45. Bg6 Ra1 46. Bf5 Ra3+ 47.
Kg2 Kf4 48. Kf2 Ra2+ 49. Kg1 Re2 50. Kf1 Ra2 51. Ke1 Ke3 52. Kd1 Rg2 53. Kc1
Kf4 54. Kd1 Rxg4 55. Ke2 Rg2+ 56. Kd3 Ke5 57. Ke3 Rg3+ 58. Kf2 Ra3 59. Ke2 Kf4
60. Kd2 Kf3 61. Bg6 Ra8 62. Kd3 Rd8+ 63. Kc4 Kf4 64. Kc5 Ke5 65. Kc4 Rd4+ 66.
Kc3 Rxe4 67. Bxe4 Kxe4 68. Kd2 Kf3 69. Ke1 f5 70. Kf1 f4 71. Kg1 Ke2 72. Kg2
f3+ 73. Kg3 f2 74. Kg4 f1=Q 0-1

[Event "European Youth Chess Championship B18"]
[Site "Prague, Top Hotel Prague"]
[Date "2016.08.22"]
[Round "5.1"]
[White "Petrosyan, Manuel"]
[Black "Bellahcene, Bilel"]
[Result "1-0"]
[WhiteElo "2512"]
[BlackElo "2467"]
[PlyCount "91"]
[EventDate "2016.08.18"]

1. d4 d5 2. c4 e6 3. Nc3 Be7 4. Nf3 Nf6 5. Bg5 h6 6. Bxf6 Bxf6 7. e3 O-O 8. Rc1
c6 9. Bd3 Nd7 10. O-O dxc4 11. Bxc4 e5 12. d5 Nb6 13. b3 Bf5 14. dxc6 bxc6 15.
e4 Bg4 16. Be2 Bxf3 17. Bxf3 Qxd1 18. Nxd1 Rac8 19. Ne3 Be7 20. Bg4 Rc7 21.
Rfd1 Rd8 22. Rxd8+ Bxd8 23. Rc5 f6 24. h4 Kf8 25. h5 Be7 26. Rc2 a5 27. g3 Ke8
28. Kg2 Bd6 29. a4 Bf8 30. f4 Bd6 31. Kf3 Bf8 32. Be6 Ke7 33. Bf5 exf4 34. gxf4
Ke8 35. Rd2 Be7 36. Rd1 Rb7 37. Be6 Bf8 38. Nf5 Rc7 39. e5 fxe5 40. fxe5 Rb7
41. Ke4 Na8 42. Nd4 Nc7 43. Bc4 Rb6 44. Rg1 Na6 45. Bxa6 Rxa6 46. Rg6 1-0

[Event "European Youth Chess Championship B18"]
[Site "Prague, Top Hotel Prague"]
[Date "2016.08.22"]
[Round "5.2"]
[White "Beerdsen, Thomas"]
[Black "Kelires, Andreas"]
[Result "0-1"]
[WhiteElo "2424"]
[BlackElo "2483"]
[PlyCount "98"]
[EventDate "2016.08.18"]

1. e4 c5 2. Nf3 d6 3. d4 cxd4 4. Nxd4 Nf6 5. Nc3 a6 6. Bg5 Nbd7 7. Qe2 Qa5 8.
f4 h6 9. Bxf6 Nxf6 10. Nb3 Qc7 11. e5 Bg4 12. Qe3 dxe5 13. fxe5 Nd7 14. h3 Be6
15. O-O-O Qxe5 16. Qxe5 Nxe5 17. Nc5 g6 18. Nxb7 Bg7 19. Bxa6 O-O 20. Nc5 Bc4
21. Bb7 Ra5 22. Nb3 Ra7 23. Bd5 Rc8 24. Kb1 e6 25. Bxc4 Nxc4 26. Nb5 Ra6 27.
N5d4 Rca8 28. a3 Rd8 29. Rd3 Rc8 30. Rhd1 Kh7 31. Ka2 e5 32. Nb5 e4 33. Rd7
Nxb2 34. Rf1 Rf8 35. Rfxf7 Rxf7 36. Rxf7 Nd1 37. Re7 e3 38. Nc5 Rb6 39. a4 Kg8
40. Nd3 Bf6 41. Rd7 e2 42. Kb3 Nf2 43. Ne1 Ne4 44. Kc4 Bh4 45. Nf3 Rc6+ 46. Kd5
Nd2 47. Nbd4 Nxf3 48. Nxe2 Rxc2 49. Nf4 Rd2+ 0-1

[Event "European Youth Chess Championship B18"]
[Site "Prague, Top Hotel Prague"]
[Date "2016.08.22"]
[Round "5.3"]
[White "Molenda, Marcin"]
[Black "Santos, Ruiz Miguel"]
[Result "1-0"]
[WhiteElo "2277"]
[BlackElo "2440"]
[PlyCount "41"]
[EventDate "2016.08.18"]

1. d4 Nf6 2. Nf3 e6 3. c4 d5 4. g3 Bb4+ 5. Bd2 Be7 6. Bg2 c6 7. Qc2 Nbd7 8. O-O
Ne4 9. Bc1 g5 10. b3 f5 11. a4 Bf6 12. e3 h5 13. Ba3 g4 14. Nfd2 a5 15. Nc3 h4
16. cxd5 Nxc3 17. Nc4 Kf7 18. dxe6+ Kxe6 19. Qxc3 Be7 20. d5+ cxd5 21. Bxd5+
1-0

[Event "European Youth Chess Championship B18"]
[Site "Prague, Top Hotel Prague"]
[Date "2016.08.22"]
[Round "5.4"]
[White "Vavulin, Maksim"]
[Black "Portela, Peleteiro Alberto"]
[Result "1-0"]
[WhiteElo "2559"]
[BlackElo "2340"]
[PlyCount "189"]
[EventDate "2016.08.18"]

1. e4 c5 2. Nf3 e6 3. d4 cxd4 4. Nxd4 Nc6 5. Nc3 Qc7 6. f4 a6 7. Nxc6 Qxc6 8.
Bd3 b5 9. Qe2 Bb7 10. Bd2 Bc5 11. O-O-O Ne7 12. a3 O-O 13. h4 f5 14. h5 d5 15.
exf5 exf5 16. h6 g6 17. Rhe1 Rae8 18. Qe5 Qf6 19. Qxf6 Rxf6 20. b4 Bd6 21. Ne2
Nc6 22. Rh1 Rfe6 23. Ng1 Nd4 24. Kb2 R6e7 25. g3 Rc7 26. Rh2 Be7 27. Re1 Rec8
28. c3 Nc6 29. Bc2 Bf6 30. Bb3 Nb8 31. Re6 Kf7 32. Rhe2 Re7 33. Rxe7+ Bxe7 34.
Be3 Bf8 35. Bd4 Re8 36. Rd2 Kg8 37. Rh2 Re6 38. Nf3 Nc6 39. Bg1 Nd8 40. Ng5 Re1
41. Bc5 Ne6 42. Nf3 Re4 43. Bb6 g5 44. Nxg5 Nxg5 45. fxg5 Rg4 46. Bd8 Kf7 47.
Rf2 Kg6 48. Bc2 Bc8 49. Rd2 Be6 50. Re2 Kf7 51. Re3 Bd6 52. Bd1 Re4 53. Bh5+
Kg8 54. Rd3 d4 55. Rxd4 Bxg3 56. Rd3 Rh4 57. Re3 Rh2+ 58. Kb1 Rh1+ 59. Kc2 Rh2+
60. Re2 Rxe2+ 61. Bxe2 Be5 62. a4 bxa4 63. Bxa6 f4 64. Bf6 Bxf6 65. gxf6 f3 66.
Bf1 Kf7 67. Kb2 Kxf6 68. Ka3 Bb3 69. b5 Ke7 70. Kb4 Kd8 71. Bd3 f2 72. c4 Bc2
73. Bf1 Kc7 74. c5 Kb7 75. Bg2+ Kb8 76. Bf1 Kb7 77. Ka3 Bd1 78. b6 Bf3 79. Kxa4
Kc6 80. Kb4 Bd5 81. Bh3 Be6 82. Bg2+ Bd5 83. Bf1 Be6 84. Bb5+ Kb7 85. Ka5 Bd5
86. Bf1 Kc6 87. Kb4 Be6 88. Kc3 Bc8 89. Kd4 Bb7 90. Bd3 Bc8 91. Be4+ Kb5 92.
Bxh7 f1=Q 93. Bd3+ Qxd3+ 94. Kxd3 Kxc5 95. h7 1-0

[Event "European Youth Chess Championship B18"]
[Site "Prague, Top Hotel Prague"]
[Date "2016.08.22"]
[Round "5.5"]
[White "Martirosyan, Haik M"]
[Black "Morozov, Nichita"]
[Result "1-0"]
[WhiteElo "2461"]
[BlackElo "2398"]
[PlyCount "121"]
[EventDate "2016.08.18"]

1. d4 d5 2. c4 c6 3. Nf3 Nf6 4. Nc3 a6 5. c5 Bf5 6. Bf4 Nbd7 7. h3 b6 8. b4 Ne4
9. Nxe4 dxe4 10. Ne5 Nxe5 11. Bxe5 e3 12. g4 Be4 13. f3 e6 14. Qb3 Bg6 15. Qxe3
a5 16. cxb6 Qxb6 17. bxa5 Rxa5 18. Kf2 Ra3 19. Qf4 Qd8 20. Qc1 f6 21. Qxc6+ Kf7
22. Bf4 Qxd4+ 23. e3 Qc5 24. Qxc5 Bxc5 25. Bc4 Ke7 26. Bb3 e5 27. Rhc1 Rc8 28.
Bg3 Bf7 29. Rab1 Bg6 30. Ra1 Bf7 31. Ke2 Bxb3 32. axb3 Rxb3 33. Bf2 Rc7 34. Ra2
Bb6 35. Rxc7+ Bxc7 36. Ra7 Kd6 37. h4 Rb2+ 38. Kf1 g6 39. Ra6+ Rb6 40. Ra3 h5
41. e4 Rb1+ 42. Kg2 Bb6 43. Bxb6 Rxb6 44. gxh5 gxh5 45. Ra7 Rb8 46. Rh7 Rg8+
47. Kf2 Ke6 48. Rxh5 Kf7 49. Rh7+ Kg6 50. Ra7 Kh5 51. Ra6 Rg6 52. f4 Kxh4 53.
fxe5 Kg5 54. e6 f5 55. Ke3 f4+ 56. Kd4 f3 57. Ke5 f2 58. Ra1 Kg4 59. e7 Rg8 60.
Rf1 Kf3 61. Kf6 1-0

[Event "European Youth Chess Championship B18"]
[Site "Prague, Top Hotel Prague"]
[Date "2016.08.22"]
[Round "5.6"]
[White "Jarmula, Lukasz"]
[Black "Huber, Martin Christian"]
[Result "1-0"]
[WhiteElo "2452"]
[BlackElo "2377"]
[PlyCount "135"]
[EventDate "2016.08.18"]

1. d4 Nf6 2. c4 g6 3. Nf3 Bg7 4. g3 O-O 5. Bg2 d6 6. O-O Nc6 7. Nc3 Rb8 8. Qc2
Bd7 9. Rd1 Qc8 10. d5 Nb4 11. Qb3 a5 12. Be3 Na6 13. Ba7 Ra8 14. Bd4 Bf5 15.
Re1 Ne4 16. Nxe4 Bxe4 17. Bxg7 Kxg7 18. Qc3+ Kg8 19. Qxa5 c5 20. dxc6 bxc6 21.
Qd2 Qb7 22. Nh4 Bxg2 23. Kxg2 Qb4 24. Qc2 Nc5 25. e4 Rfb8 26. b3 Ra3 27. Nf3
Rba8 28. e5 dxe5 29. Rxe5 e6 30. Qd1 Rxa2 31. Rxa2 Rxa2 32. Re3 Qb6 33. Qd4 Ra8
34. Ng5 Rd8 35. Qh4 h5 36. b4 Nd3 37. c5 Qc7 38. Qc4 Qd7 39. Ne4 Nb2 40. Nf6+
Kg7 41. Qh4 Qd4 42. Ne8+ Kf8 43. Re4 Qd5 44. Nc7 g5 45. Nxd5 gxh4 46. Nb6 Rd2
47. Rxh4 Nd3 48. Kf3 Rb2 49. Rxh5 Rxb4 50. Rh8+ Kg7 51. Rc8 Nxc5 52. Rxc6 Nd3
53. Rd6 Ne5+ 54. Kg2 Ng4 55. h3 Nf6 56. Nd7 Ne4 57. Rd3 Rb2 58. Rf3 f5 59. Ne5
Kf6 60. Nd3 Ra2 61. Re3 Rd2 62. h4 Ra2 63. g4 Ra5 64. g5+ Kg6 65. f3 Ra2+ 66.
Kh3 Nd2 67. Rxe6+ Kg7 68. Re2 1-0

[Event "European Youth Chess Championship B18"]
[Site "Prague, Top Hotel Prague"]
[Date "2016.08.22"]
[Round "5.7"]
[White "Hauge, Lars Oskar"]
[Black "Nguyen, Thai Dai Van"]
[Result "0-1"]
[WhiteElo "2391"]
[BlackElo "2445"]
[PlyCount "64"]
[EventDate "2016.08.18"]

1. e4 c5 2. Nf3 d6 3. Bb5+ Nd7 4. c3 Ngf6 5. Qe2 a6 6. Ba4 e5 7. O-O Be7 8. d4
b5 9. Bc2 O-O 10. Rd1 Qc7 11. d5 c4 12. b3 cxb3 13. axb3 Nb6 14. Bd3 Bd7 15. h3
Rfe8 16. Nfd2 Reb8 17. Bb2 Be8 18. Ra2 Nfd7 19. b4 Rc8 20. Na3 Na4 21. c4 bxc4
22. Naxc4 Nxb2 23. Rxb2 Nb6 24. Nxb6 Qxb6 25. Nc4 Qd4 26. Na5 Ba4 27. Ra1 Bc2
28. Rxc2 Qxa1+ 29. Kh2 Rxc2 30. Qxc2 Qe1 31. Bxa6 Bg5 32. Bb7 Rf8 0-1

[Event "European Youth Chess Championship B18"]
[Site "Prague, Top Hotel Prague"]
[Date "2016.08.22"]
[Round "5.8"]
[White "Vykouk, Jan"]
[Black "Marek, Matyas"]
[Result "1/2-1/2"]
[WhiteElo "2434"]
[BlackElo "2389"]
[PlyCount "110"]
[EventDate "2016.08.18"]

1. e4 c5 2. Nf3 Nc6 3. Nc3 g6 4. Bb5 Bg7 5. Bxc6 bxc6 6. O-O Nf6 7. Re1 O-O 8.
d3 d6 9. e5 Nd5 10. Ne4 f5 11. Ned2 h6 12. Nc4 g5 13. c3 Ba6 14. Qe2 Nc7 15. b4
d5 16. Na5 Ne6 17. Nxc6 Qc7 18. Na5 cxb4 19. cxb4 g4 20. Nh4 Nd4 21. Qd2 Nc2
22. Bb2 Nxa1 23. Bxa1 e6 24. Ng6 Rfc8 25. Nb3 Kf7 26. Nf4 Qc2 27. Qxc2 Rxc2 28.
Nxe6 Bxd3 29. Nf4 Be4 30. e6+ Kg8 31. f3 gxf3 32. gxf3 Bxf3 33. Bxg7 Kxg7 34.
Nd4 Rc3 35. Re5 Be4 36. e7 Re8 37. Nb5 Rc6 38. Nxa7 Ra6 39. Nb5 Kf6 40. Rxe4
dxe4 41. Nc7 Rg8+ 42. Kf1 Rxa2 43. e8=Q Rxe8 44. Nxe8+ Kg5 45. Ne6+ Kg4 46.
Nf6+ Kf3 47. Nd4+ Kf4 48. Ne2+ Ke3 49. Nd5+ Kd2 50. b5 Ra3 51. Ndc3 Kd3 52. b6
Ra8 53. b7 Rb8 54. Na4 Kc4 55. Nb6+ Kb4 1/2-1/2

[Event "European Youth Chess Championship B18"]
[Site "Prague, Top Hotel Prague"]
[Date "2016.08.22"]
[Round "5.9"]
[White "Tutisani, Noe"]
[Black "Kaczur, Florian"]
[Result "1/2-1/2"]
[WhiteElo "2366"]
[BlackElo "2426"]
[PlyCount "94"]
[EventDate "2016.08.18"]

1. e4 e5 2. Nf3 Nc6 3. Bb5 a6 4. Ba4 Nf6 5. O-O b5 6. Bb3 Bb7 7. Re1 Bd6 8. d4
O-O 9. c3 h6 10. Nbd2 Re8 11. a3 Bf8 12. Nf1 d6 13. Ng3 Na5 14. Bc2 g6 15. h3
Bg7 16. Rb1 c5 17. d5 c4 18. Be3 Kh7 19. Nh2 Nd7 20. Ng4 Qh4 21. Nf1 h5 22.
Ngh2 Bh6 23. Nf3 Qf6 24. h4 Bxe3 25. Rxe3 Kg7 26. Ng5 Qe7 27. Rg3 Nf6 28. Ne3
Bc8 29. Qe2 Ng4 30. Rf1 Rf8 31. Nf5+ gxf5 32. exf5 f6 33. Ne6+ Bxe6 34. dxe6
Kh7 35. Be4 Rad8 36. Bf3 Rg8 37. Bxg4 hxg4 38. Rxg4 Rxg4 39. Qxg4 Nc6 40. Rd1
Qg7 41. Qh5+ Kg8 42. Rxd6 Rxd6 43. Qe8+ Kh7 44. Qh5+ Kg8 45. Qe8+ Qf8 46. Qg6+
Qg7 47. Qe8+ Qf8 1/2-1/2

[Event "European Youth Chess Championship B18"]
[Site "Prague, Top Hotel Prague"]
[Date "2016.08.22"]
[Round "5.10"]
[White "O`Donnell, Conor"]
[Black "Anikonov, Dmitry"]
[Result "1/2-1/2"]
[WhiteElo "2347"]
[BlackElo "2407"]
[PlyCount "74"]
[EventDate "2016.08.18"]

1. d4 e6 2. c4 c5 3. d5 exd5 4. cxd5 d6 5. Nc3 g6 6. Bf4 a6 7. a4 Nf6 8. Nf3
Bg7 9. e3 O-O 10. h3 Qe7 11. Be2 Nbd7 12. O-O Ne8 13. Qb3 Ne5 14. a5 Nc7 15.
Qb6 Nxf3+ 16. Bxf3 Rd8 17. Rad1 Nb5 18. Nxb5 axb5 19. Qxb5 Qd7 20. Qxd7 Rxd7
21. e4 Rd8 22. Rb1 Rxa5 23. b4 cxb4 24. Rxb4 Rc5 25. Rb6 Be5 26. Bxe5 dxe5 27.
Rfb1 Rc4 28. Kf1 Kf8 29. Ke2 Ke7 30. Kd3 Rc6 31. Bd1 Rdd6 32. Rxc6 bxc6 33. Kc4
cxd5+ 34. exd5 Ra6 35. Rb8 Bd7 36. Bb3 Ra1 37. Kc5 Ra5+ 1/2-1/2